000 00207nam a2200097Ia 4500
008 230508s1989 xx 000 0 und d
041 _aeng
100 _aJOSHI A. M.
245 _aCOMPU MATHS
260 _c1989
999 _c329473
_d329473